000 00915nam a22002177a 4500
999 _c12321
_d12321
003 AR-CdUCM
008 190408b ||||| |||| 00| 0 spa d
040 _aMUNICIPALIDAD PROVINCIAL DEL CUSCO
_cBIBLIOTECA MUNICIPAL DEL CUSCO
082 _a345.61 /
_bB98 / 1920
100 _aBiustamante y Rivero, Jose Luis
_930127
245 _aOrganización y procedimientos de la justicia militar en el Perú :
_bComentario de los libros I, III y IV del Código de justicia militar de 20 de diciembre de 1898 /
260 _aLima :
_bImprenta del estado mayor general del ejercito,
_c1920.
300 _a238 paginas ;
_c20 cm.
505 _aContenido :Organización y procedimientos de la justicia militar en el Perú /
650 _aDerecho procesal militar
_930128
650 _aLegislación
_92962
650 _aDerecho penal militar
_930129
650 _aPeru
_9429
942 _2ddc
_cLIBROS
945 _arjall
_d2019-04-08